Boxeurs par description. - Statistiques

Statistiques générales
  • Ce quiz a été pris 44 fois
  • Le résultat moyen est 9 sur 15
Statistiques - réponses
Descriptions Boxeurs % Correct
"Iron Mike". Je suis le plus jeune champion du monde poids lourd de l'histoire (20 ans). Une explosivité terrifiante, un style "Peek-a-Boo" (garde haute et mouvements de tête) et une agressivité qui cherchait le KO dès la première seconde. Je suis l'icône de toute une génération surtout grâce à mon tempérament explosif. Je suis... Mike Tyson
100%
Je suis sans doute la plus grande légende de ce sport : "The Greatest". Plus qu'un boxeur, je suis une icône politique et sociale. Je m'appelais auparavant Cassius Clay. Mon style était révolutionnaire : Je "flottais comme un papillon et piquait comme une abeille". Ma vitesse de jambes et mon intelligence sur le ring ont terrassé des colosses des années 1970. Je suis... Mohammed Ali
100%
J'ai commencé ma carrière dans les années 2000. Money". Je suis le maître de la défense. Invaincu en 50 combats, j'ai transformé la boxe en un art de ne pas être touché (le "Pull Counter" et la "Philly Shell"). Un génie tactique et un business-man hors pair, je suis... Floyd Mayweather
86%
Je surnommé "The Gypsy King". J'ai un physique de géant (2m06) mais une agilité de poids léger. Mentalement indestructible et imprévisible sur le ring, j'ai détrôné Klitschko et Wilder pour m'installer au sommet. J'ai récemment combattu et vaincu Francis Ngannou à la décision. Je suis... Tyson Fury
86%
J'ai une carrière en deux temps et une longévité sans pareille. J'ai une carrière en deux temps. D'abord un destructeur pur dans les années 70, puis un "vieux lion" qui a reconquis le titre à 45 ans au milieu des années 1990. Ma force brute était sans égale, capable de soulever les adversaires avec mes uppercuts. Je suis... George Foreman
68%
Mes initiales sont "AJ". Je suis le spécimen physique parfait. Double champion du monde unifié, j'ai réussi à relancer la boxe poids lourd en Angleterre. Je suis un boxeur académique et très puissant, bien que parfois critiqué pour ma fragilité mentale face à l'adversité. Je suis... Anthony Joshua
65%
Je suis le seul champion poids lourd de l'histoire à être parti à la retraite invaincu (49 victoires, 0 défaite). Je n'étais ni le plus grand, ni le plus technique, mais une puissance de frappe qui finissait toujours par briser mes adversaires. J'ai par ailleurs inspiré la saga de films "Rocky" avec Sylvester Stallone. Je suis... Rocky Marciano
62%
Je suis champion olympique 2016. J'ai porté le projet de renouveau de la boxe pro en France ("La Conquête"). Je suis un boxeur très technique et rapide pour mon gabarit, même si mon passage chez les professionnels a connu des revers importants. J'ai récemment opté pour la nationalité congolaise en vue des J.O de Los Angeles de 2028. Je suis... Tony Yoka
62%
Mon surnom est "Smokin' Joe". Je suis le rival éternel d'Ali. Un pressing constant, une esquive en mouvement de buste et un crochet du gauche considéré comme l'un des plus dangereux de l'histoire. Je suis l'un des deux protagonistes du "combat du siècle". Je suis... Joe Frazier
57%
Je suis surnommé "The Real Deal". Le guerrier ultime. Seul quadruple champion du monde poids lourd, je compensais un gabarit plus léger par une condition physique parfaite et un courage qui m'a mené à battre Tyson (qui m'a par ailleurs mordu l'oreille) et Foreman. Je suis... Evander Holyfield
54%
J'étais surnommé "Le Bombardier Marocain". Je suis sans contestation la plus grande légende de la boxe française. Champion du monde des moyens, j'étais puissant, courageux et technique. Ma mort tragique dans un accident d'avion en 1949 a fait de moi un mythe éternel, immortalisé par Piaf dans "Hymne à l'amour". Je suis... Marcel Cerdan
46%
Pour le grand public, je ne suis sûrement pas le plus connu mais pour beaucoup d'experts, le meilleur boxeur de tous les temps "pound for pound" (toutes catégories confondues). J'avais absolument tout : la vitesse, la puissance des deux mains, le jeu de jambes et l'élégance. Boxeur des années 1940-1960, je suis... Sugar Ray Robinson
46%
J'étais surnommé "The Golden Boy". J'ai réussi l'exploit d'être champion dans 6 catégories différentes. J'ai par ailleurs été la première grande superstar médiatique moderne de la boxe, alliant une technique de pointe à un charisme immense. Oscar de la Hoya
43%
Je suis "The Brown Bomber". J'ai régné sans partages sur les poids lourds pendant 12 ans (un record). Je suis également un symbole de la lutte contre le nazisme lors de mon combat contre Max Schmeling en 1938. Je possédais un punch dévastateur et une technique ultra-propre. Je suis... Joe Louis
35%
Je suis l'épouvantail des années 60. Une force de la nature avec des mains gigantesques et un regard qui intimidait mes adversaires avant même le premier coup de gong. Les causes de ma mort à seulement 38 ans restent douteuses, overdose ou meurtre ? Je suis... Sonny Liston
19%
Aucun quiz correspondant
Distribution des résultats
% des personnes avec chaque résultat
Percentile par nombre de réponses
Votre historique - résultats
Vous n’avez pas pris ce quiz